00511nam a2200193 a 4500001001300000003000900013005001700022008004100039020001000080082001600090100001800106245004100124260003000165300000900195500003500204505002800239650003200267700001800299nice12345678IN_TiNIC20260116011541.0050524s1995 teha grp 000 0 urd  ac10000a891.51bNAF aNafisi, Saeed aAhwal-O-Ashar-E-Farsib Shaikh Bahai aTehranbIqbal Pressc1995 a208p aincludes index and biblioraphy2 aHand Written Manuscript aPersian Poetry-Shaikh Bahai1 aNafisi, Saeed